000
00251nam a2200097Ia 4500
082
_a
BIE
245
0
_a
STADSJAPIE VIR PAFURI
100
_a
BIERMAN, Ettie Pretoria, 1977
_9
98058
942
_c
BK
008
210817s9999 xx 000 0 und d
999
_c
415735
_d
415734